Advanced engineering mathematics (Record no. 16454)

MARC details
000 -LEADER
fixed length control field 00476nam a2200181Ia 4500
008 - FIXED-LENGTH DATA ELEMENTS--GENERAL INFORMATION
fixed length control field 230917s9999||||xx |||||||||||||| ||und||
020 ## - ISBN
Price RS759
040 ## - CATALOGING SOURCE
-- 228881
Original cataloging agency VIVEKANANDA LIBRARY
041 ## - Language
-- English
082 ## - DDC NUMBER
Classification number 510.2462 K889A(10)
100 ## - MAIN ENTRY--PERSONAL NAME
Personal name Kreyszig, Erwin
245 #0 - TITLE STATEMENT
Title Advanced engineering mathematics
250 ## - EDITION STATEMENT
Edition statement 10th ed.
260 ## - PUBLICATION, DISTRIBUTION, ETC. (IMPRINT)
Place of publication, distribution, etc New Delhi
Name of publisher, distributor, etc Wiley India
Date of publication, distribution, etc 2015
300 ## - PHYSICAL DESCRIPTION
Pages v. p.
500 ## - GENERAL NOTE
General note 2163 12/10/2015 HBD15/1194 16/12/2015 Main Budget
942 ## - ADDED ENTRY ELEMENTS (KOHA)
Koha item type Books
Holdings
Withdrawn status Lost status Damaged status Not for loan Location (home branch) Sublocation or collection (holding branch) Shelving location Date acquired Koha issues (times borrowed) Koha full call number Accession No. Koha date last seen Koha item type
        VIVEKANANDA LIBRARY VIVEKANANDA LIBRARY UIET Library 01/03/2016 2 510.2462 K889A(10) 356436 28/08/2025 Books
        VIVEKANANDA LIBRARY VIVEKANANDA LIBRARY UIET Library 01/03/2016   510.2462 K889A(10) 356437 17/09/2023 Books
        VIVEKANANDA LIBRARY VIVEKANANDA LIBRARY UIET Library 01/03/2016   510.2462 K889A(10) 356438 17/09/2023 Books
        VIVEKANANDA LIBRARY VIVEKANANDA LIBRARY UIET Library 01/03/2016   510.2462 K889A(10) 356439 17/09/2023 Books
        VIVEKANANDA LIBRARY VIVEKANANDA LIBRARY UIET Library 01/03/2016   510.2462 K889A(10) 356440 17/09/2023 Books
© Designed and Maintained by Vivekananda Library, MDU Rohtak